书目信息 |
| 题名: |
投资审计法规向导
|
|
| 作者: | 王耀庆 主编 | |
| 分册: | ||
| 出版信息: | 北京 光明日报出版社 2016 |
|
| 页数: | XII, 362页 | |
| 开本: | 21cm | |
| 丛书名: | ||
| 单 册: | ||
| 中图分类: | D922.280.4 | |
| 科图分类: | ||
| 主题词: | 投资--tou zi--金融法--研究--中国 , 审计法--shen ji fa--研究--中国 | |
| 电子资源: | ||
| ISBN: | 978-7-5194-0017-0 | |
| 000 | 00921nam0 2200253 450 | |
| 001 | 1752384038 | |
| 005 | 20161207151528.0 | |
| 010 | @a978-7-5194-0017-0@dCNY36.00 | |
| 100 | @a20160622d2016 em y0chiy50 ea | |
| 101 | 0 | @achi |
| 102 | @aCN@b110000 | |
| 105 | @ay z 000yy | |
| 106 | @ar | |
| 200 | 1 | @a投资审计法规向导@Atou zi shen ji fa gui xiang dao@f本书编委会 |
| 210 | @a北京@c光明日报出版社@d2016 | |
| 215 | @aXII, 362页@d21cm | |
| 314 | @a书内题: 王耀庆主编 | |
| 330 | @a本书主要内容包括: 基本建设程序方面的问题 ; 招标投标方面常见违法行为 ; 工程管理类违纪行为 ; 违反工程造价管理有关规定的行为 ; 建设项目财务方面常见违法行为 ; 保障性住房分配和使用管理方面存在的问题及其他。 | |
| 606 | 0 | @a投资@Atou zi@x金融法@x研究@y中国 |
| 606 | 0 | @a审计法@Ashen ji fa@x研究@y中国 |
| 690 | @aD922.280.4@v5 | |
| 701 | 0 | @a王耀庆@Awang yao qing@4主编 |
| 801 | 0 | @aCN@b人天书店@c20160622 |
| 905 | @aBZT@dD922.280.4@e1 | |
| 投资审计法规向导/本书编委会.-北京:光明日报出版社,2016 |
| XII, 362页;21cm |
| ISBN 978-7-5194-0017-0:CNY36.00 |
| 本书主要内容包括: 基本建设程序方面的问题 ; 招标投标方面常见违法行为 ; 工程管理类违纪行为 ; 违反工程造价管理有关规定的行为 ; 建设项目财务方面常见违法行为 ; 保障性住房分配和使用管理方面存在的问题及其他。 |
| ● |
| 相关链接 |
|
|
|
正题名:投资审计法规向导
索取号:D922.280.4/1
 
预约/预借
| 序号 | 登录号 | 条形码 | 馆藏地/架位号 | 状态 | 备注 |
| 1 | 828956 | 2000828956 | 第二书库/ [索取号:D922.280.4/1] | 在馆 | |
| 2 | 828957 | 2000828957 | 第二书库/ [索取号:D922.280.4/1] | 在馆 | |
| 3 | 828958 | 2000828958 | 第二书库/ [索取号:D922.280.4/1] | 在馆 |